मोगल दरबारची बातमीपत्रे (Record no. 1067571)

MARC details
000 -LEADER
fixed length control field 00676nam a2200193Ia 4500
008 - FIXED-LENGTH DATA ELEMENTS--GENERAL INFORMATION
fixed length control field 151119s9999||||xx |||||||||||||| ||und||
082 ## - DEWEY DECIMAL CLASSIFICATION NUMBER
Classification number 954.02
082 ## - DEWEY DECIMAL CLASSIFICATION NUMBER
Item number GKKV14000
100 ## - MAIN ENTRY--PERSONAL NAME
Personal name पगडी सेतुमाधवराव
245 ## - TITLE STATEMENT
Title मोगल दरबारची बातमीपत्रे
260 ## - PUBLICATION, DISTRIBUTION, ETC. (IMPRINT)
Place of publication, distribution, etc --
260 ## - PUBLICATION, DISTRIBUTION, ETC. (IMPRINT)
Name of publisher, distributor, etc --
260 ## - PUBLICATION, DISTRIBUTION, ETC. (IMPRINT)
Date of publication, distribution, etc 1965
600 ## - SUBJECT ADDED ENTRY--PERSONAL NAME
Personal name पगडी सेतुमाधवराव
630 ## - SUBJECT ADDED ENTRY--UNIFORM TITLE
Uniform title मोगल दरबारची बातमीपत्रे
700 ## - ADDED ENTRY--PERSONAL NAME
Personal name पगडी सेतुमाधवराव
730 ## - ADDED ENTRY--UNIFORM TITLE
Uniform title मोगल दरबारची बातमीपत्रे
942 ## - ADDED ENTRY ELEMENTS (KOHA)
Koha item type Book
Holdings
Withdrawn status Lost status Damaged status Not for loan Home library Current library Date acquired Cost, normal purchase price Total Checkouts Full call number Barcode Date last seen Cost, replacement price Price effective from Koha item type
        G.K. Khandekar Vachanalaya, Mulund G.K. Khandekar Vachanalaya, Mulund 02/27/2013 0.00   GKKV14000 GKKV14000 11/19/2015 0.00 11/19/2015 Book